Famous atheists - Statistics

General Stats
  • This quiz has been taken 33 times
  • The average score is 5 of 16
Answer Stats
Picture Answer % Correct
Brad Pitt
87%
Daniel Radcliffe
87%
Jodie Foster
53%
Richard Dawkins
53%
Javier Bardem
50%
Christopher Hitchens
40%
Ayn Rand
27%
Bertrand Russell
27%
Henry Rollins
27%
Jawaharlar Nehru
27%
Francis Bacon
20%
Richard Feynman
17%
Ayaan Hirsi Ali
13%
Douglas Adams
10%
Janeane Garofalo
10%
Kari Byron
0%
No matching quizzes found
Score Distribution
Percent of People with Each Score
Percentile by Number Answered
Your Score History
You have not taken this quiz